Aplikácia počítačového videnia pomocou priemyselných kamier

Saved in:
Bibliographic Details
Main Author: Palček, Juraj (Author)
Other Authors: Slačka, Juraj (Thesis advisor)
Format: Manuscript Book
Language:Slovak
Published: 2019
Subjects:
Online Access:http://is.stuba.sk/zp/portal_zp.pl?podrobnosti=143740
Tags: Add Tag
No Tags, Be the first to tag this record!

MARC

LEADER 00000ntm a22000003a 4500
001 stuzp71789
003 SK-STU
005 20190704085309.0
007 ta
008 150427s2015----xo-----f-mn---000-0-slo-d
040 |a STU  |b slo 
041 0 |a slo 
044 |a xo 
100 1 |a Palček, Juraj  |u 031000  |k Z4  |4 aut  |U FEI Fakulta elektrotechniky a informatiky  |T FEI Ústav robotiky a kybernetiky  |X 74539  |U E011  |Y 356  |7 74539 
242 0 1 |a Application of computer vision by using industrial cameras  |y eng 
245 1 0 |a Aplikácia počítačového videnia pomocou priemyselných kamier 
260 |c 2019 
300 |a 72 s.,  |b CD-ROM 
650 4 |a strojové videnie  |2 slo 
650 4 |a priemyselné kamery  |2 slo 
650 4 |a vizuálna inšpekcia  |2 slo 
650 4 |a machine vision  |2 eng 
650 4 |a industrial cameras  |2 eng 
650 4 |a automated visual inspection  |2 eng 
700 1 |a Slačka, Juraj  |u 031000  |k Z1  |4 ths  |U FEI Fakulta elektrotechniky a informatiky  |T FEI Ústav robotiky a kybernetiky  |X 50837  |U E011  |Y 356  |7 A000050837 
856 4 |u http://is.stuba.sk/zp/portal_zp.pl?podrobnosti=143740 
996 |b 284EP12265  |c E*DIPL- 12265  |l EE31  |s P  |a 0  |w stuzp71789_0001